stress and Well Begin in adolescents (Record no. 239552)

MARC details
000 -LEADER
fixed length control field 00384nam a2200145Ia 4500
005 - DATE AND TIME OF LATEST TRANSACTION
control field 20250729165738.0
008 - FIXED-LENGTH DATA ELEMENTS--GENERAL INFORMATION
fixed length control field 250729s2014 xx 000 0 und d
041 ## - LANGUAGE CODE
Language code of text/sound track or separate title eng
082 ## - DEWEY DECIMAL CLASSIFICATION NUMBER
Classification number 372.21 CHAS
100 ## - MAIN ENTRY--PERSONAL NAME
Personal name Dr.K .Chandran
9 (RLIN) 231977
245 ## - TITLE STATEMENT
Title stress and Well Begin in adolescents
260 ## - PUBLICATION, DISTRIBUTION, ETC.
Place of publication, distribution, etc. New Delhi
Name of publisher, distributor, etc. A P H PUBLISHING
Date of publication, distribution, etc. 2014
300 ## - PHYSICAL DESCRIPTION
Extent 341p
650 ## - SUBJECT ADDED ENTRY--TOPICAL TERM
Topical term or geographic name entry element Education
9 (RLIN) 231978
Holdings
Withdrawn status Lost status Damaged status Not for loan Home library Current library Date acquired Source of acquisition Cost, normal purchase price Total Checkouts Full call number Barcode Date last seen Cost, replacement price Price effective from Koha item type
        St Aloysius Library St Aloysius Library 07/29/2025 Management Book 295.00   372.21 CHAS BED04871 07/29/2025 295.00 07/29/2025 Book